The Mona Mousa code / (Record no. 7353)

MARC details
000 -LEADER
fixed length control field 01414nam a22003017a 4500
001 - CONTROL NUMBER
control field 7353
003 - CONTROL NUMBER IDENTIFIER
control field FISKH
005 - DATE AND TIME OF LATEST TRANSACTION
control field 20250710104824.0
008 - FIXED-LENGTH DATA ELEMENTS--GENERAL INFORMATION
fixed length control field 250710b cb ||||| |||| 00| 0 eng d
020 ## - INTERNATIONAL STANDARD BOOK NUMBER
International Standard Book Number 9780439661645
040 ## - CATALOGING SOURCE
Original cataloging agency FISKH
Language of cataloging eng
Transcribing agency FISKH
Modifying agency FISKH
050 ## - LIBRARY OF CONGRESS CALL NUMBER
Classification number PZ7 .M73648
082 ## - DEWEY DECIMAL CLASSIFICATION NUMBER
Classification number 853.92
100 ## - MAIN ENTRY--PERSONAL NAME
Personal name Stilton, Geronimo
Dates associated with a name (1958-)
245 ## - TITLE STATEMENT
Title The Mona Mousa code /
Statement of responsibility, etc. Geronimo Stilton
250 ## - EDITION STATEMENT
Edition statement This edition first published in 2005
260 ## - PUBLICATION, DISTRIBUTION, ETC.
Place of publication, distribution, etc. New York :
Name of publisher, distributor, etc. Scholastic,
Date of publication, distribution, etc. 2000
300 ## - PHYSICAL DESCRIPTION
Extent 112 pages :
Other physical details color illustrations ;
Dimensions 20 cm
505 ## - FORMATTED CONTENTS NOTE
Formatted contents note N<br/>
520 ## - SUMMARY, ETC.
Summary, etc. Juvenile Fiction. Juvenile Literature. HTML:I'm Geronimo Stilton. I run a newspaper, but my true passion is writing adventure stories.In my first adventure I find a secret map hidden beneath Mouse Island's most famous painting, the Monamouse that leads to the most fabumouse discovery beneath the streets of New Mouse City! And in my second adventure My grandfather William Shortpaws was determined to torture me. He wanted to publish a guide book to Ratzikistan, the Siberia of Mouse Island. And he ordered *me* to go there to write it! But as you know, dear reader, I HATE TRAVELING!<br/>
521 8# - TARGET AUDIENCE NOTE
Target audience note 550<br/>
Source Lexile<br/>
521 8# - TARGET AUDIENCE NOTE
Target audience note N<br/>
Source Raz-Plus<br/>
650 ## - SUBJECT ADDED ENTRY--TOPICAL TERM
Source of heading or term Geronimo
Topical term or geographic name entry element Humorous stories
650 ## - SUBJECT ADDED ENTRY--TOPICAL TERM
Source of heading or term Accelerated Reader
Topical term or geographic name entry element Adventure
700 ## - ADDED ENTRY--PERSONAL NAME
Personal name Wolf, Matt
Dates associated with a name illustrator
942 ## - ADDED ENTRY ELEMENTS (KOHA)
Source of classification or shelving scheme Dewey Decimal Classification
Koha item type Books
Suppress in OPAC No
Holdings
Withdrawn status Lost status Source of classification or shelving scheme Damaged status Not for loan Collection Home library Current library Shelving location Date acquired Total Checkouts Full call number Barcode Date last seen Date last checked out Copy number Price effective from Koha item type
    Dewey Decimal Classification     Juvenile Fiction Footprints International School Library Network Toul Tom Poung Campus Footprints International School Library Network Toul Tom Poung Campus TTP Primary Yellow Bookshelves 07/10/2025 1 STI 853.92 PZ7 .M73648 FIS05281 03/27/2026 03/13/2026 1 07/10/2025 Books